Основы технологии машиностроения: учебник

গ্রন্থ-পঞ্জীর বিবরন
প্রধান লেখক: Базров Б. М. Борис Мухтарбекович
সংক্ষিপ্ত:Изложены теоретические основы технологии машиностроения: понятийный аппарат; основы базирования; размерные и временные цепи; модульное описание изделия; основные закономерности технологических процессов, формирования качества изделия и затрат времени в процессе его изготовления; математическое описание и решение типовых технологических задач методом математического моделирования. Рассмотрены методы достижения заданного качества изделий, повышения производительности и эффективности изготовления изделий. Изложены методические основы разработки технологических процессов сборки изделий и изготовления деталей с использованием принципов модульной технологии. Раскрываются основы технологической подготовки производства: основные функции, элементная база технологического обеспечения и вопросы автоматизации технологической подготовки. Учебник предназначен для студентов машиностроительных вузов, технических университетов, может быть полезен аспирантам, а также работникам машиностроительных предприятий.
ভাষা:রুশ
প্রকাশিত: Москва, Инфра-М, 2018
সংস্করন:3-е изд., перераб. и доп.
মালা:Высшее образование
বিষয়গুলি:
বিন্যাস: গ্রন্থ
KOHA link:https://koha.lib.tpu.ru/cgi-bin/koha/opac-detail.pl?biblionumber=341664

MARC

LEADER 00000nam0a2200000 4500
001 341664
005 20231102005353.0
010 |a 9785160111797 
035 |a (RuTPU)RU\TPU\book\369883 
035 |a RU\TPU\book\126653 
090 |a 341664 
100 |a 20181018d2018 m y0rusy50 ca 
101 0 |a rus 
102 |a RU 
105 |a a j 001zy 
200 1 |a Основы технологии машиностроения  |e учебник  |f Б. М. Базров 
205 |a 3-е изд., перераб. и доп. 
210 |a Москва  |c Инфра-М  |d 2018 
215 |a 683 с.  |c ил. 
225 1 |a Высшее образование 
320 |a Библиогр.: с. 676 
330 |a Изложены теоретические основы технологии машиностроения: понятийный аппарат; основы базирования; размерные и временные цепи; модульное описание изделия; основные закономерности технологических процессов, формирования качества изделия и затрат времени в процессе его изготовления; математическое описание и решение типовых технологических задач методом математического моделирования. Рассмотрены методы достижения заданного качества изделий, повышения производительности и эффективности изготовления изделий. Изложены методические основы разработки технологических процессов сборки изделий и изготовления деталей с использованием принципов модульной технологии. Раскрываются основы технологической подготовки производства: основные функции, элементная база технологического обеспечения и вопросы автоматизации технологической подготовки. Учебник предназначен для студентов машиностроительных вузов, технических университетов, может быть полезен аспирантам, а также работникам машиностроительных предприятий. 
451 1 |0 (RuTPU)RU\TPU\book\73794  |y 5-217-03255-3  |t Основы технологии машиностроения  |o учебник  |f Б. М. Базров  |c М.  |n Машиностроение  |d 2005  |p 736 с.  |s Для вузов  |a Базров, Борис Мухтарбекович 
606 1 |a Технология машиностроения  |2 stltpush  |3 (RuTPU)RU\TPU\subj\60151  |9 77640 
610 1 |a машиностроение 
610 1 |a понятия 
610 1 |a машиностроительные изделия 
610 1 |a качество 
610 1 |a размерные цепи 
610 1 |a временные цепи 
610 1 |a технологические процессы 
610 1 |a погрешности 
610 1 |a затраты времени 
610 1 |a себестоимость 
610 1 |a математическое моделирование 
610 1 |a точность 
610 1 |a расчеты 
610 1 |a изготовление 
610 1 |a сборка 
610 1 |a технологическая подготовка 
610 1 |a автоматизация 
610 1 |a учебники 
675 |a 621.002(075.8)  |v 4 
700 1 |a Базров  |b Б. М.  |g Борис Мухтарбекович 
801 1 |a RU  |b 63413507  |c 20070530  |g PSBO 
801 2 |a RU  |b 63413507  |c 20181113  |g PSBO 
900 |a Основы технологии машиностроения 
900 |a Технология машиностроения 
900 |a Технология машиностроительного производства 
942 |c BK 
952 |b 150900  |b 151000